संस्कृतानुसन्धानपारिजातः (Record no. 55661)

MARC details
000 -LEADER
fixed length control field 01554nam a22002657a 4500
005 - DATE AND TIME OF LATEST TRANSACTION
control field 20090820100419.0
008 - FIXED-LENGTH DATA ELEMENTS--GENERAL INFORMATION
fixed length control field 090820t xxu||||| |||| 00| 0 hin d
010 ## - LCCN (DPL NO)
LC control number HIN-93764
020 ## - INTERNATIONAL STANDARD BOOK NUMBER
Terms of availability 750.00
International Standard Book Number 8181820555x
035 ## - SYSTEM CONTROL NUMBER
System control number HN-66110
037 ## - SOURCE OF ACQUISITION
Source of stock number/acquisition DBAD / PUB
040 ## - CATALOGING SOURCE
Original cataloging agency dpl
Language of cataloging hn
082 ## - DEWEY DECIMAL CLASSIFICATION NUMBER
Classification number 810.8
100 ## - MAIN ENTRY--PERSONAL NAME
9 (RLIN) 32941
245 ## - TITLE STATEMENT
Title संस्कृतानुसन्धानपारिजातः
Remainder of title लक्ष्मी शर्मा द्वारा संपादित; मदनलाल शर्मा द्वारा सह संपादित
Statement of responsibility, etc अन्ताराष्ट्रिय संस्कृत सम्मेलन में प्रस्तुत शोध पत्रों का संकलन /
260 ## - PUBLICATION, DISTRIBUTION, ETC. (IMPRINT)
Place of publication, distribution, etc जयपुर
Name of publisher, distributor, etc लिट्रेसी सर्किल
Date of publication, distribution, etc 2010
270 ## - ADDRESS
Address सी-12-13, प्रथम तल, खण्डेलवाल गर्ल्स कालेज के सामने, संसार चन्द्र रोड
City जयपुर
Postal code 302001
Telephone number 4004330
300 ## - PHYSICAL DESCRIPTION
Extent 296पृ.
Dimensions 22सेमी (सजिल्द)
650 ## - SUBJECT ADDED ENTRY--TOPICAL TERM
9 (RLIN) 1169
650 ## - SUBJECT ADDED ENTRY--TOPICAL TERM
9 (RLIN) 32942
700 ## - ADDED ENTRY--PERSONAL NAME
9 (RLIN) 33039
Personal name शर्मा, लक्ष्मी
700 ## - ADDED ENTRY--PERSONAL NAME
Personal name शर्मा, मदनलाल
9 (RLIN) 33144
942 ## - ADDED ENTRY ELEMENTS (KOHA)
Source of classification or shelving scheme Dewey Decimal Classification
Item type Hindi Books
Call number suffix संस्कृता
Classification part 810.8
Holdings
Withdrawn status Lost status Source of classification or shelving scheme Damaged status Not for loan Collection code Home library Current library Date acquired Source of acquisition Cost, normal purchase price Total Checkouts Full call number Barcode Date last seen Copy number Cost, replacement price Koha item type
    Dewey Decimal Classification   Not For Loan Non-fiction D.B.Act.Division D.B.Act.Division 19/08/2011 DBAD / PUB 750.00   810.8 संस्कृता HN-66110 19/08/2011 1 750.00 Hindi Books

© Delhi Public Library
Hit Counter
free hit counter